[Event "V Festival Terre degli Elimi A"]
[Site "Erice ITA"]
[Date "2014.07.21"]
[Round "3"]
[White "Larsen, Karsten"]
[Black "Sadzikowski, Daniel"]
[WhiteElo "2265"]
[BlackElo "2481"]
[Result "0-1"]
[PlyCount "86"]
[EventDate "2014.07.19"]

1. e4 c5 2. Nf3 d6 3. Bb5+ Nd7 4. O-O a6 5. Bd3 Ngf6 6. Re1 b5 7. Bf1 Bb7 8. d3
g6 9. Nc3 Bg7 10. Ne2 O-O 11. Ng3 e5 12. a4 Kh8 13. c3 d5 14. Bg5 Qb6 15. Qd2
Ng8 16. Qe2 h6 17. Bd2 Qc6 18. axb5 axb5 19. Qd1 Rxa1 20. Qxa1 Ne7 21. Qa2 f5
22. exd5 Nxd5 23. c4 bxc4 24. dxc4 Nb4 25. Qb3 e4 26. Bxb4 cxb4 27. Nd2 Qb6 28.
Qc2 Nc5 29. Nb3 Nxb3 30. Qxb3 Bd4 31. Qc2 b3 32. Qd2 Kh7 33. c5 Qxc5 34. Rc1 e3
35. Qd1 Qb6 36. Ne2 exf2+ 37. Kh1 Bg7 38. Qd7 Rd8 39. Qe7 Rc8 40. Rd1 Qc6 41.
Nd4 Qc7 42. Qb4 Qd7 43. Be2 Rd8 0-1

[Event "V Festival Terre degli Elimi A"]
[Site "Erice ITA"]
[Date "2014.07.21"]
[Round "3"]
[White "Lombardo, Corrado"]
[Black "Antoniacci, Riccardo"]
[WhiteElo "1830"]
[BlackElo "1877"]
[Result "1-0"]
[PlyCount "75"]
[EventDate "2014.07.19"]

1. e4 c5 2. Nf3 Nc6 3. d4 cxd4 4. Nxd4 g6 5. c4 Bg7 6. Be3 Nf6 7. Nc3 Ng4 8.
Qxg4 Nxd4 9. Qd1 Ne6 10. Rc1 Qa5 11. Qd2 b6 12. b3 Bb7 13. Nd5 Qxd2+ 14. Kxd2
Rc8 15. f3 h5 16. g3 f6 17. Bd3 Kf7 18. h4 Nc5 19. Bb1 e6 20. Nc3 Rhd8 21. Ke2
d5 22. cxd5 exd5 23. exd5 f5 24. Rhd1 Nxb3 25. axb3 Rxc3 26. Rxc3 Bxc3 27. d6
Be5 28. Bf4 Bxf4 29. gxf4 Ke6 30. Rg1 Rg8 31. Rd1 Rg7 32. Bd3 Bd5 33. Bb5 Bxb3
34. Rd3 Bd5 35. d7 Rg8 36. Re3+ Kd6 37. Re8 Kc7 38. d8=Q+ 1-0

[Event "V Festival Terre degli Elimi A"]
[Site "Erice ITA"]
[Date "2014.07.21"]
[Round "3"]
[White "Maiorov, Nikita"]
[Black "Claesen, Pieter"]
[WhiteElo "2531"]
[BlackElo "2340"]
[Result "1-0"]
[PlyCount "87"]
[EventDate "2014.07.19"]

1. d4 Nf6 2. c4 c5 3. d5 b5 4. cxb5 a6 5. bxa6 g6 6. Nc3 Bxa6 7. g3 d6 8. Bg2
Bg7 9. Nh3 Nbd7 10. O-O O-O 11. Qc2 Qa5 12. Bd2 Rfc8 13. Rab1 Rab8 14. a4 c4
15. Nb5 Qb6 16. Be3 Nc5 17. Qxc4 Bxb5 18. axb5 Qxb5 19. Rfc1 Qxc4 20. Rxc4 Nb3
21. Ra4 Rc2 22. Nf4 h6 23. Bf3 Nd2 24. Bxd2 Rxd2 25. b3 g5 26. Nd3 g4 27. Bxg4
Nxd5 28. Ra5 Nc3 29. Re1 Nb5 30. b4 Nd4 31. Kf1 Nc6 32. Ra4 Nxb4 33. Rxb4 Rxb4
34. Nxb4 Rd4 35. Nc6 Rxg4 36. Nxe7+ Kh7 37. Nf5 Bf8 38. Rc1 Kg6 39. f3 Ra4 40.
e4 d5 41. Rc6+ f6 42. Nh4+ Kg5 43. Rc8 Bd6 44. Rg8+ 1-0

[Event "V Festival Terre degli Elimi A"]
[Site "Erice ITA"]
[Date "2014.07.21"]
[Round "3"]
[White "Mangelschots, Peter"]
[Black "Levitt, Jonathan Paul"]
[WhiteElo "2053"]
[BlackElo "2420"]
[Result "0-1"]
[PlyCount "80"]
[EventDate "2014.07.19"]

1. e4 e6 2. Nc3 d5 3. Nf3 Nf6 4. e5 Nfd7 5. d4 c5 6. dxc5 Nc6 7. Bf4 Be7 8. Qd2
Nxc5 9. h4 a6 10. O-O-O b5 11. Nd4 Bb7 12. Nxc6 Bxc6 13. Bg5 b4 14. Ne2 Bxg5
15. hxg5 Ne4 16. Qe3 Qxg5 17. f4 Qe7 18. Nd4 Bb7 19. Bd3 Rc8 20. Bxe4 dxe4 21.
g4 h6 22. f5 Bd5 23. g5 h5 24. Kb1 Qc7 25. Qf4 e3 26. Rh2 g6 27. fxg6 fxg6 28.
Qf6 Rf8 29. Qxg6+ Qf7 30. Qxh5 Qxh5 31. Rxh5 Rc4 32. Ne2 Rf2 33. g6 Rg4 34. c4
Be4+ 35. Kc1 Bxg6 36. Rh8+ Ke7 37. Nd4 Rxd4 38. Rxd4 Rf1+ 39. Rd1 e2 40. Rh1
exd1=Q# 0-1

[Event "V Festival Terre degli Elimi A"]
[Site "Erice ITA"]
[Date "2014.07.21"]
[Round "3"]
[White "Ovaskainen, Juha"]
[Black "Castelli, Giovanni J."]
[WhiteElo "1839"]
[BlackElo "1909"]
[Result "1/2-1/2"]
[PlyCount "78"]
[EventDate "2014.07.19"]

1. e4 e5 2. Nf3 Nc6 3. Bb5 a6 4. Ba4 Nf6 5. O-O b5 6. Bb3 Be7 7. Re1 d6 8. c3
O-O 9. h3 Na5 10. Bc2 c5 11. d4 cxd4 12. cxd4 Nc6 13. d5 Nb4 14. Bb3 a5 15. a3
Na6 16. Nc3 Bd7 17. Nxe5 dxe5 18. d6 Nc5 19. dxe7 Qxe7 20. Nd5 Qd6 21. Nxf6+
Qxf6 22. Bd5 Rac8 23. Re3 Be6 24. Bd2 Qd8 25. Bc3 Qc7 26. Qe2 Rb8 27. Qe1 a4
28. Bb4 Rfc8 29. Rc3 Qb6 30. Rac1 Nb3 31. Rxc8+ Rxc8 32. Rxc8+ Bxc8 33. Qc3 Be6
34. Qxe5 Nd4 35. Kh2 Nf3+ 36. gxf3 Qxf2+ 37. Kh1 Qf1+ 38. Kh2 Qf2+ 39. Kh1 Qf1+
1/2-1/2

[Event "V Festival Terre degli Elimi A"]
[Site "Erice ITA"]
[Date "2014.07.21"]
[Round "3"]
[White "Peat, Matthew"]
[Black "Iwanow, Anna"]
[WhiteElo "2056"]
[BlackElo "2210"]
[Result "0-1"]
[PlyCount "30"]
[EventDate "2014.07.19"]

1. c4 e5 2. g3 Nc6 3. Nc3 Bc5 4. Bg2 d6 5. e3 Bf5 6. a3 a5 7. d3 Qd7 8. Nd5
Nge7 9. Ne2 f6 10. Nxe7 Nxe7 11. Bxb7 Rb8 12. Bg2 Bh3 13. O-O h5 14. Nc3 h4 15.
Qf3 Bg4 0-1

[Event "V Festival Terre degli Elimi A"]
[Site "Erice ITA"]
[Date "2014.07.21"]
[Round "3"]
[White "Petkov, Vladimir"]
[Black "Valguarnera, Girolamo"]
[WhiteElo "2538"]
[BlackElo "2090"]
[Result "1-0"]
[PlyCount "71"]
[EventDate "2014.07.19"]

1. d4 Nf6 2. c4 c5 3. d5 e6 4. Nc3 exd5 5. cxd5 d6 6. Nf3 g6 7. Bf4 Be7 8. h3
O-O 9. e4 a6 10. a4 Re8 11. Be2 Qc7 12. O-O Nbd7 13. Re1 Rb8 14. Nd2 Bf8 15.
Bh2 b6 16. f4 Bb7 17. Bf3 c4 18. Kh1 Nc5 19. Re2 Nd3 20. Qc2 Rbc8 21. Rf1 Bg7
22. e5 Nh5 23. exd6 Qd8 24. Rxe8+ Qxe8 25. Nxc4 Ne1 26. d7 Qxd7 27. Rxe1 Rxc4
28. Qe2 Bxc3 29. bxc3 Rxc3 30. f5 Rxf3 31. Qxf3 Bxd5 32. Qd1 Qc6 33. Qd2 Nf6
34. Be5 Ne4 35. Rxe4 f6 36. Bxf6 1-0

[Event "V Festival Terre degli Elimi A"]
[Site "Erice ITA"]
[Date "2014.07.21"]
[Round "3"]
[White "Ravagnani, Tiziano"]
[Black "Melograni, Francesco"]
[WhiteElo "2006"]
[BlackElo "1860"]
[Result "1-0"]
[PlyCount "45"]
[EventDate "2014.07.19"]

1. e4 e5 2. Nc3 Bc5 3. Bc4 Nf6 4. f4 d6 5. Nf3 Nc6 6. d3 a6 7. fxe5 dxe5 8. Bg5
h6 9. Bxf6 Qxf6 10. Nd5 Qd6 11. c3 b5 12. Bb3 Ba7 13. Qe2 Na5 14. Bc2 Be6 15.
b4 Nb7 16. d4 exd4 17. Nxd4 O-O 18. O-O-O Kh8 19. Nxe6 fxe6 20. e5 Qd8 21. Nf6
Qxd1+ 22. Rxd1 gxf6 23. Qe4 1-0

[Event "V Festival Terre degli Elimi A"]
[Site "Erice ITA"]
[Date "2014.07.21"]
[Round "3"]
[White "Santagati, Alessandro"]
[Black "Mantovani, Renzo"]
[WhiteElo "2216"]
[BlackElo "2349"]
[Result "1-0"]
[PlyCount "141"]
[EventDate "2014.07.19"]

1. e4 c5 2. c3 d5 3. exd5 Qxd5 4. d4 Nf6 5. Nf3 Nc6 6. Be2 e6 7. O-O cxd4 8.
cxd4 Be7 9. Nc3 Qd6 10. Be3 O-O 11. Qb3 b6 12. Rfd1 Bb7 13. Rac1 Rac8 14. Qb5
Nb4 15. a3 Nbd5 16. Nxd5 Qxd5 17. Qa4 a5 18. Ne1 Bc6 19. Qc4 b5 20. Qxd5 Nxd5
21. Rc2 Bd7 22. Rdc1 Rxc2 23. Rxc2 Bd6 24. Nd3 b4 25. Nc5 Rc8 26. axb4 axb4 27.
Rc1 Nxe3 28. fxe3 Bxc5 29. dxc5 Kf8 30. Bf3 Bb5 31. c6 Ke7 32. Rc5 Bd3 33. Rg5
g6 34. Rg4 Bb5 35. Rxb4 Bxc6 36. Rc4 Bd7 37. Rxc8 Bxc8 38. Kf2 Kd6 39. b4 f5
40. Ke2 e5 41. Kd2 g5 42. g3 Bd7 43. Kc3 Bb5 44. Bb7 h5 45. Bc8 f4 46. exf4
exf4 47. gxf4 gxf4 48. Kd4 Bc6 49. h4 Bf3 50. Bf5 Bc6 51. Be4 f3 52. Bd3 Bd5
53. Ke3 Ke5 54. Bg6 f2 55. Kxf2 Kf6 56. Bxh5 Bc6 57. Bf3 Bd7 58. Ke3 Ke7 59. h5
Kf6 60. Kd4 Kg5 61. Kc5 Be8 62. Kd6 Bb5 63. Kc5 Be8 64. Bc6 Bxh5 65. b5 Be2 66.
b6 Ba6 67. Kd6 Kf6 68. Kc7 Ke7 69. Bb7 Bd3 70. Bc8 Be4 71. Bd7 1-0

[Event "V Festival Terre degli Elimi A"]
[Site "Erice ITA"]
[Date "2014.07.21"]
[Round "3"]
[White "Savalla, Pietro"]
[Black "Pisacane, Pietro"]
[WhiteElo "1894"]
[BlackElo "2058"]
[Result "0-1"]
[PlyCount "104"]
[EventDate "2014.07.19"]

1. d4 Nf6 2. Nf3 c5 3. e3 b6 4. Nbd2 Bb7 5. Bd3 g6 6. O-O Bg7 7. c3 O-O 8. Qe2
d5 9. e4 dxe4 10. Nxe4 cxd4 11. Nxd4 Nbd7 12. Nf3 Qc7 13. Bg5 a6 14. Bh4 Qc6
15. Rfe1 Rfe8 16. Rad1 Nc5 17. Nxc5 bxc5 18. Bc4 e6 19. Bg3 Nd5 20. Be5 Bh6 21.
Bd3 Rad8 22. h3 Nf4 23. Bxf4 Bxf4 24. Be4 Qxe4 25. Qxe4 Bxe4 26. Rxd8 Rxd8 27.
Rxe4 Bc1 28. b3 Rd1+ 29. Re1 Rxe1+ 30. Nxe1 Bd2 31. Nd3 Bxc3 32. Nxc5 a5 33.
Kf1 Kf8 34. Ke2 Bd4 35. Ne4 Ke7 36. Kd3 Bb6 37. Kc4 f5 38. Nc5 Kd6 39. Nd3 e5
40. f3 e4 41. fxe4 fxe4 42. Ne1 Ke5 43. Nc2 Kf4 44. Kb5 Bd8 45. a3 Kg3 46. Kc4
Kxg2 47. Kd4 Kf3 48. b4 axb4 49. axb4 Bb6+ 50. Ke5 e3 51. Kf6 Kg3 52. Kg7 Kxh3
0-1

[Event "V Festival Terre degli Elimi A"]
[Site "Erice ITA"]
[Date "2014.07.21"]
[Round "3"]
[White "Senders, Mischa"]
[Black "Favaloro, Andrea"]
[WhiteElo "2183"]
[BlackElo "2008"]
[Result "1-0"]
[PlyCount "65"]
[EventDate "2014.07.19"]

1. e4 c5 2. Nf3 g6 3. d4 cxd4 4. Nxd4 Nc6 5. Nc3 Bg7 6. Be3 Nf6 7. Bc4 O-O 8.
Bb3 Ng4 9. Qxg4 Nxd4 10. O-O-O Nxb3+ 11. axb3 Qa5 12. Kb1 Bxc3 13. bxc3 Qxc3
14. h4 d5 15. Qg5 dxe4 16. Qxe7 Bg4 17. Bd4 Qc6 18. Rd2 Qe6 19. Qa3 a5 20. Ba1
b5 21. Rd6 Qf5 22. Rf6 Qd7 23. Qb2 Be6 24. h5 gxh5 25. Rxh5 Qd1+ 26. Ka2 Rfc8
27. Rg5+ Kf8 28. Rxf7+ Bxf7 29. Qg7+ Ke8 30. Re5+ Kd8 31. Qf6+ Kc7 32. Re7+ Qd7
33. Be5+ 1-0

[Event "V Festival Terre degli Elimi A"]
[Site "Erice ITA"]
[Date "2014.07.21"]
[Round "3"]
[White "Sieciechowicz, Marcin"]
[Black "Bezemer, Arno"]
[WhiteElo "2438"]
[BlackElo "2287"]
[Result "1-0"]
[PlyCount "75"]
[EventDate "2014.07.19"]

1. d4 Nf6 2. c4 g6 3. Nc3 d5 4. cxd5 Nxd5 5. e4 Nxc3 6. bxc3 Bg7 7. Bc4 c5 8.
Ne2 Nc6 9. Be3 O-O 10. O-O Qc7 11. Rc1 b6 12. Qd2 Bb7 13. Bh6 Rad8 14. Bxg7
Kxg7 15. Qe3 e5 16. d5 Na5 17. Bd3 c4 18. Bc2 Qe7 19. Qg3 Bc8 20. f4 f6 21. f5
Nb7 22. h4 Nd6 23. a4 Bd7 24. Rb1 Be8 25. fxg6 hxg6 26. Rf3 Nf7 27. Qf2 Nh6 28.
Rg3 Bd7 29. Qf3 f5 30. h5 Qc5+ 31. Kh1 Ng4 32. exf5 gxf5 33. Rxg4+ fxg4 34. Qe4
Rf7 35. h6+ Kg8 36. Qg6+ Kf8 37. h7 Ke7 38. Qg5+ 1-0

[Event "V Festival Terre degli Elimi A"]
[Site "Erice ITA"]
[Date "2014.07.21"]
[Round "3"]
[White "Smith, Thijmen"]
[Black "Fabiano, Giuseppe"]
[WhiteElo "2225"]
[BlackElo "2053"]
[Result "1-0"]
[PlyCount "65"]
[EventDate "2014.07.19"]

1. e4 e6 2. d4 d5 3. Nd2 Nc6 4. Ngf3 Nf6 5. e5 Nd7 6. a4 Be7 7. Bb5 f6 8. exf6
Bxf6 9. Nb3 e5 10. dxe5 Qe7 11. O-O Ndxe5 12. Nxe5 Bxe5 13. f4 Bd6 14. Re1 Be6
15. f5 O-O 16. Rxe6 Qh4 17. Rxd6 cxd6 18. Qxd5+ Kh8 19. Be3 Ne5 20. Bf2 Qg5 21.
Nd4 Qd2 22. Qe4 a6 23. Be2 Rae8 24. Rd1 Qb4 25. b3 Nc6 26. Qg4 Ne5 27. Qh5 g6
28. fxg6 Nxg6 29. Bd3 Re5 30. Qh6 Kg8 31. Bxg6 hxg6 32. Qxg6+ Kh8 33. Nf3 1-0

[Event "V Festival Terre degli Elimi A"]
[Site "Erice ITA"]
[Date "2014.07.21"]
[Round "3"]
[White "Volkers, Annemarie"]
[Black "Vanparys, Philip"]
[WhiteElo "2019"]
[BlackElo "2141"]
[Result "0-1"]
[PlyCount "124"]
[EventDate "2014.07.19"]

1. e4 e6 2. d3 d5 3. Nc3 Nf6 4. Bg5 Be7 5. g3 Nxe4 6. Bxe7 Nxc3 7. Bxd8 Nxd1 8.
Bxc7 Nxb2 9. Be5 Na4 10. Bxg7 Rg8 11. Bh6 Nc6 12. Ne2 Bd7 13. Bg2 Rc8 14. Bd2
Ne7 15. Rc1 Nb6 16. O-O Ba4 17. Nd4 Rg4 18. Nb3 Bb5 19. Rfe1 Ra4 20. Bg5 Bd7
21. Bh3 Nc6 22. Nc5 Nd4 23. Nxa4 Nf3+ 24. Kf1 Nxa4 25. Bf6 Nxe1 26. Kxe1 e5 27.
Bxd7+ Kxd7 28. Kd2 Ke6 29. Bh4 Nc3 30. a3 h5 31. f4 e4 32. Re1 f5 33. Bg5 b6
34. Bh6 Nb5 35. a4 Nd4 36. Rc1 Nb3+ 37. cxb3 e3+ 38. Kxe3 Rxc1 39. Bf8 a5 40.
Kd4 Rc2 41. h3 Rg2 42. Bh6 Rxg3 43. h4 Kd6 44. Bf8+ Kc6 45. Be7 Rf3 46. Bg5 b5
47. axb5+ Kxb5 48. Kxd5 Rxd3+ 49. Ke5 Kb4 50. Kxf5 Kxb3 51. Kg6 a4 52. Be7 Rd7
53. Bf8 Rd8 54. Be7 Re8 55. Bc5 Kc4 56. Ba3 Re3 57. Bf8 Kd5 58. f5 Rg3+ 59. Kf7
a3 60. Bxa3 Rxa3 61. f6 Ke5 62. Kg7 Rg3+ 0-1

[Event "V Festival Terre degli Elimi A"]
[Site "Erice ITA"]
[Date "2014.07.21"]
[Round "3"]
[White "Warakomski, Tomasz"]
[Black "Dijkhuis, Tycho"]
[WhiteElo "2501"]
[BlackElo "2321"]
[Result "1-0"]
[PlyCount "95"]
[EventDate "2014.07.19"]

1. e4 c5 2. Nf3 Nc6 3. Bb5 e6 4. O-O Nge7 5. Re1 a6 6. Bxc6 Nxc6 7. d4 cxd4 8.
Nxd4 Be7 9. Nxc6 dxc6 10. Qg4 O-O 11. e5 f5 12. exf6 Bxf6 13. Nc3 Bd4 14. Be3
e5 15. Qe2 Bf5 16. Rad1 Qb6 17. Qc4+ Kh8 18. Bxd4 exd4 19. Qxd4 Qxd4 20. Rxd4
Bxc2 21. Rd7 Rfe8 22. Rxe8+ Rxe8 23. f3 b5 24. Rc7 b4 25. Ne4 Ba4 26. Nd6 Ra8
27. Kf2 h6 28. Ke3 Bb5 29. Kd4 a5 30. Rc8+ Rxc8 31. Nxc8 Bf1 32. g3 Bg2 33. f4
Bd5 34. a3 bxa3 35. bxa3 g5 36. fxg5 hxg5 37. Nb6 Bg2 38. Nc4 a4 39. Nb6 Kg7
40. Nxa4 Kf6 41. Nc5 Kf5 42. a4 Kg4 43. a5 Bf1 44. Ke3 Kh3 45. Kf2 Bb5 46. Kg1
g4 47. Ne4 Ba6 48. Nf2# 1-0

[Event "V Festival Terre degli Elimi A"]
[Site "Erice ITA"]
[Date "2014.07.21"]
[Round "4"]
[White "Antoniacci, Riccardo"]
[Black "Gelardi, Davide"]
[WhiteElo "1877"]
[BlackElo "1851"]
[Result "1/2-1/2"]
[PlyCount "141"]
[EventDate "2014.07.19"]

1. e4 e6 2. d3 d5 3. Nd2 Nf6 4. g3 c5 5. Bg2 Nc6 6. Ngf3 Be7 7. O-O O-O 8. e5
Nd7 9. Re1 Qc7 10. Qe2 b5 11. h4 a5 12. Nf1 Ba6 13. Bf4 b4 14. Qd2 Nb6 15. Ne3
Rfd8 16. Ng4 c4 17. d4 c3 18. bxc3 bxc3 19. Qc1 Nc4 20. a3 Qb6 21. Bg5 Qb2 22.
Bxe7 Qxc1 23. Rexc1 Nxe7 24. Bf1 Rdc8 25. Ne3 Nxe3 26. fxe3 Bxf1 27. Kxf1 Rab8
28. Ne1 Rb2 29. Rcb1 Rcb8 30. Rxb2 Rxb2 31. Ke2 Nf5 32. Kd3 Nxg3 33. Kxc3 Rb8
34. a4 Nf5 35. Ng2 f6 36. exf6 gxf6 37. Kd3 Ng3 38. Nf4 Kf7 39. h5 Ne4 40. h6
Rb4 41. Ra3 Nf2+ 42. Ke2 Ng4 43. Rb3 Rxb3 44. cxb3 Nxh6 45. b4 Nf5 46. bxa5 Nd6
47. a6 Nc8 48. Kf3 Ke7 49. Kg4 Kd6 50. Kh5 e5 51. Nd3 exd4 52. exd4 Kc6 53. Kh6
Nb6 54. Nb4+ Kd6 55. a5 Nc8 56. Kxh7 f5 57. Nd3 Kc6 58. Kg6 Kb5 59. Kxf5 Kxa5
60. Ke5 Kxa6 61. Kxd5 Kb5 62. Ne5 Nb6+ 63. Kd6 Nc8+ 64. Kd7 Nb6+ 65. Kc7 Nd5+
66. Kd6 Nc3 67. Ke6 Kb6 68. Kd7 Kb5 69. Kd6 Kb6 70. Nc4+ Kb5 71. Ne3 1/2-1/2

[Event "V Festival Terre degli Elimi A"]
[Site "Erice ITA"]
[Date "2014.07.21"]
[Round "4"]
[White "Bezemer, Arno"]
[Black "Gueci, Tea"]
[WhiteElo "2287"]
[BlackElo "2089"]
[Result "1-0"]
[PlyCount "75"]
[EventDate "2014.07.19"]

1. d4 Nf6 2. c4 c5 3. d5 e6 4. Nc3 exd5 5. cxd5 d6 6. e4 g6 7. Bd3 Bg7 8. Nge2
O-O 9. O-O Re8 10. h3 Nbd7 11. Bg5 a6 12. a4 Qc7 13. Kh1 Rb8 14. f4 c4 15. Bc2
Nc5 16. e5 Nfd7 17. Ng3 dxe5 18. d6 Qc6 19. Nd5 Kh8 20. Ne7 Qb6 21. f5 Nd3 22.
Bxd3 cxd3 23. Qxd3 Qd4 24. Qxd4 exd4 25. f6 Bf8 26. Rac1 Rd8 27. Bf4 Ra8 28.
Rc7 b6 29. b4 g5 30. Bxg5 Ne5 31. Rd1 Bd7 32. a5 bxa5 33. bxa5 Rab8 34. Rc5 Rb5
35. Rxb5 Bxb5 36. Rxd4 Nc4 37. Nef5 Nxa5 38. Bh6 1-0

[Event "V Festival Terre degli Elimi A"]
[Site "Erice ITA"]
[Date "2014.07.21"]
[Round "4"]
[White "Bifulco, Michel"]
[Black "Hickman, John E."]
[WhiteElo "2084"]
[BlackElo "1977"]
[Result "1-0"]
[PlyCount "53"]
[EventDate "2014.07.19"]

1. e4 d6 2. d4 Nf6 3. Nc3 c6 4. Be3 Nbd7 5. g4 Qa5 6. Bg2 h6 7. h3 e5 8. Nge2
Be7 9. O-O g5 10. Ng3 Nf8 11. Nf5 Ng6 12. dxe5 dxe5 13. a3 Bxf5 14. exf5 Nf4
15. Bxf4 gxf4 16. Qe2 O-O 17. Rfe1 Bd6 18. Rad1 Rad8 19. h4 h5 20. g5 Ng4 21.
Bf3 Qb6 22. Bxg4 hxg4 23. Qxg4 Qxb2 24. Ne4 Bxa3 25. Qh5 Be7 26. Nf6+ Bxf6 27.
gxf6 1-0

[Event "V Festival Terre degli Elimi A"]
[Site "Erice ITA"]
[Date "2014.07.21"]
[Round "4"]
[White "Blom, Martijn"]
[Black "Lombardo, Corrado"]
[WhiteElo "2020"]
[BlackElo "1830"]
[Result "1-0"]
[PlyCount "63"]
[EventDate "2014.07.19"]

1. e4 c5 2. c3 Nf6 3. e5 Nd5 4. d4 cxd4 5. cxd4 Nc6 6. Nc3 Nxc3 7. bxc3 d5 8.
Bd3 g6 9. Qc2 Be6 10. Ne2 Qd7 11. Nf4 Rc8 12. Qb1 Rc7 13. O-O Bg7 14. Nxe6 Qxe6
15. f4 f5 16. exf6 Qxf6 17. f5 g5 18. Qb5 Rd7 19. Be3 O-O 20. Rae1 a6 21. Qc5
h6 22. Bf2 Qd6 23. Qb6 Qc7 24. Qb2 Qc8 25. Re2 Na5 26. Qb6 Qc7 27. Qb4 Nc6 28.
Qb2 Bf6 29. Qc1 Qb8 30. Qe3 Bg7 31. Qe6+ Rf7 32. Qxd7 1-0

[Event "V Festival Terre degli Elimi A"]
[Site "Erice ITA"]
[Date "2014.07.21"]
[Round "4"]
[White "Burg, Twan"]
[Black "Sieciechowicz, Marcin"]
[WhiteElo "2508"]
[BlackElo "2438"]
[Result "1-0"]
[PlyCount "131"]
[EventDate "2014.07.19"]

1. e4 e6 2. d4 d5 3. Nd2 Nf6 4. e5 Nfd7 5. Bd3 c5 6. c3 Nc6 7. Ne2 cxd4 8. cxd4
f6 9. exf6 Nxf6 10. Nf3 Bd6 11. O-O Qc7 12. Bg5 O-O 13. Bh4 Nh5 14. Qc2 h6 15.
Bh7+ Kh8 16. Bg6 Rxf3 17. Bxh5 Rf8 18. Bg3 e5 19. dxe5 Bxe5 20. Rad1 Be6 21.
Nd4 Nxd4 22. Qxc7 Bxc7 23. Bxc7 Rac8 24. Bd6 Rfd8 25. Bf4 Nc6 26. Bg6 d4 27. b3
Rf8 28. g3 Bf5 29. Bxf5 Rxf5 30. Kg2 Kg8 31. Rfe1 Kf7 32. Rc1 Rd8 33. Bd2 Rd7
34. f4 Rfd5 35. Re4 a6 36. Kf2 Re7 37. Rxe7+ Kxe7 38. Kf3 Kd6 39. Ke4 g6 40. h3
Rf5 41. g4 Rf7 42. b4 b6 43. a4 Re7+ 44. Kd3 Kd5 45. Rb1 b5 46. axb5 axb5 47.
Rc1 Ra7 48. Rc5+ Kd6 49. Rxb5 Ra3+ 50. Kc4 Rxh3 51. Rd5+ Ke6 52. b5 Rh2 53. f5+
gxf5 54. gxf5+ Kf6 55. bxc6 Rxd2 56. Rc5 d3 57. Kb3 Rd1 58. c7 Rb1+ 59. Ka2 d2
60. c8=Q d1=Q 61. Qe6+ Kg5 62. f6+ Kh4 63. Qe4+ Kg3 64. Rc3+ Kf2 65. Qc2+ Ke1
66. Qxb1 1-0

[Event "V Festival Terre degli Elimi A"]
[Site "Erice ITA"]
[Date "2014.07.21"]
[Round "4"]
[White "Castelli, Giovanni J."]
[Black "Iannello, Antonio"]
[WhiteElo "1909"]
[BlackElo "1933"]
[Result "0-1"]
[PlyCount "112"]
[EventDate "2014.07.19"]

1. c4 Nf6 2. Nc3 g6 3. g3 Bg7 4. Bg2 O-O 5. Nf3 d6 6. O-O Nc6 7. d3 a5 8. a3 e5
9. Rb1 h6 10. b4 axb4 11. axb4 Be6 12. b5 Ne7 13. Bd2 Qd7 14. Qc2 Nh5 15. Ra1
f5 16. Rxa8 Rxa8 17. Rb1 f4 18. Ne1 Bh3 19. Bxb7 Rf8 20. Bf3 fxg3 21. hxg3 Nf6
22. b6 cxb6 23. Rxb6 Nf5 24. Nd5 Nd4 25. Nxf6+ Rxf6 26. Bd5+ Kh7 27. Qd1 Bg4
28. f3 Bh3 29. Rb8 Be6 30. Be4 Qa7 31. e3 Nxf3+ 32. Nxf3 Qxb8 33. Nh4 Qc8 34.
Bb4 Bg4 35. Qd2 Bh3 36. Bxg6+ Rxg6 37. Nxg6 Kxg6 38. Bxd6 Qc6 39. c5 Qd5 40.
Qc2 Bd7 41. Kh2 Bc6 42. e4 Qd4 43. Qe2 Bd7 44. Qf3 Qb2+ 45. Kg1 Qc1+ 46. Kh2
Qg5 47. Kg1 Qg4 48. Qxg4+ Bxg4 49. Kf2 Bd7 50. Be7 Kf7 51. Bd6 Ke6 52. Kf3 Bf6
53. Kg4 Kf7+ 54. Kh5 Kg7 55. d4 exd4 56. e5 Bg5 0-1

[Event "V Festival Terre degli Elimi A"]
[Site "Erice ITA"]
[Date "2014.07.21"]
[Round "4"]
[White "Claesen, Pieter"]
[Black "Senders, Mischa"]
[WhiteElo "2340"]
[BlackElo "2183"]
[Result "0-1"]
[PlyCount "122"]
[EventDate "2014.07.19"]

1. c4 c6 2. e4 d5 3. cxd5 cxd5 4. exd5 Qxd5 5. Nc3 Qd8 6. d4 Nf6 7. Nf3 e6 8.
Bd3 Be7 9. O-O O-O 10. Bg5 Nc6 11. a3 b6 12. Re1 Bb7 13. Bc2 Nd5 14. Qd3 g6 15.
Bh6 Re8 16. Ba4 a6 17. Bxc6 Bxc6 18. Ne5 Bb7 19. Ne4 f6 20. Nxg6 hxg6 21. Nd6
Kh7 22. Nxe8 Qxe8 23. Qh3 Bc8 24. Re4 e5 25. Qh4 Kg8 26. Qg3 Bf5 27. Ree1 Bd6
28. Rad1 Qf7 29. Bc1 Rd8 30. dxe5 Bxe5 31. f4 Bc7 32. Qf3 b5 33. g4 Bc8 34. Rd3
Bb6+ 35. Kg2 Bb7 36. Kf1 Rc8 37. Qd1 Qh7 38. h3 a5 39. Qb3 Qd7 40. Be3 a4 41.
Qa2 Qf7 42. Kg1 Nxe3 43. Qxf7+ Kxf7 44. Rd7+ Kf8 45. Rxb7 Nc2+ 46. Rxb6 Nxe1
47. Rxb5 Nd3 48. b3 Nxf4 49. Rb4 Nxh3+ 50. Kg2 Rc3 51. bxa4 Rxa3 52. a5 Ng5 53.
Rb6 Ra2+ 54. Kg3 Ra3+ 55. Kg2 Rxa5 56. Rxf6+ Kg7 57. Rb6 Ra3 58. Rb7+ Nf7 59.
Rb5 Kf6 60. Rb6+ Kg5 61. Rb7 Nh6 0-1

[Event "V Festival Terre degli Elimi A"]
[Site "Erice ITA"]
[Date "2014.07.21"]
[Round "4"]
[White "Corsino, Gianluca"]
[Black "Ferro, Mario"]
[WhiteElo "2110"]
[BlackElo "2242"]
[Result "1/2-1/2"]
[PlyCount "22"]
[EventDate "2014.07.19"]

1. Nf3 d5 2. d4 Nf6 3. Bf4 c5 4. c3 e6 5. e3 Bd6 6. Bxd6 Qxd6 7. Bd3 Nc6 8.
Nbd2 O-O 9. O-O e5 10. dxe5 Nxe5 11. Nxe5 Qxe5 1/2-1/2

[Event "V Festival Terre degli Elimi A"]
[Site "Erice ITA"]
[Date "2014.07.21"]
[Round "4"]
[White "Dijkhuis, Tycho"]
[Black "Bijlsma, Nick"]
[WhiteElo "2321"]
[BlackElo "2210"]
[Result "1-0"]
[PlyCount "41"]
[EventDate "2014.07.19"]

1. e4 c5 2. Nf3 d6 3. d4 cxd4 4. Nxd4 Nf6 5. Nc3 a6 6. Be3 e6 7. g4 h6 8. Bg2
Qc7 9. Qe2 Nc6 10. h3 Be7 11. O-O-O Nd7 12. f4 g5 13. Nd5 exd5 14. exd5 Ncb8
15. Nf5 Nc5 16. Bxc5 Bxf5 17. gxf5 Kd8 18. Bd4 f6 19. Rhe1 gxf4 20. Rd3 Qd7 21.
Rc3 1-0

[Event "V Festival Terre degli Elimi A"]
[Site "Erice ITA"]
[Date "2014.07.21"]
[Round "4"]
[White "Fabiano, Giuseppe"]
[Black "Bertino, Giacomo"]
[WhiteElo "2053"]
[BlackElo "1918"]
[Result "1-0"]
[PlyCount "67"]
[EventDate "2014.07.19"]

1. Nf3 Nf6 2. c4 c5 3. Nc3 d5 4. cxd5 Nxd5 5. g3 Nc6 6. Bg2 e5 7. Nxe5 Nxc3 8.
Nxc6 Nxd1 9. Nxd8 Nxf2 10. Nxf7 Nxh1 11. Nxh8 Nxg3 12. hxg3 Be6 13. Bxb7 Rb8
14. Be4 Bd6 15. Bxh7 Bxg3+ 16. Kd1 Kd7 17. Ng6 Bf7 18. d3 Rb4 19. e4 Rb6 20.
Nf8+ Ke8 21. Be3 Rc6 22. Rc1 c4 23. Ng6 Bxg6 24. Bxg6+ Rxg6 25. Rxc4 a6 26. Kc2
Kd7 27. b4 Be1 28. a4 Rg2+ 29. Kb3 Rg3 30. Rd4+ Kc6 31. Bf4 Rg2 32. Rd6+ Kb7
33. Rd7+ Kc6 34. Rc7+ 1-0

[Event "V Festival Terre degli Elimi A"]
[Site "Erice ITA"]
[Date "2014.07.21"]
[Round "4"]
[White "Favaloro, Andrea"]
[Black "Bondielli, Giorgio"]
[WhiteElo "2008"]
[BlackElo "1820"]
[Result "1-0"]
[PlyCount "51"]
[EventDate "2014.07.19"]

1. e4 e5 2. d4 exd4 3. Nf3 Nc6 4. Bc4 Be7 5. O-O d6 6. Nxd4 Nxd4 7. Qxd4 Nf6 8.
Nc3 O-O 9. h3 Be6 10. Be3 Qd7 11. Bxe6 fxe6 12. e5 dxe5 13. Qxe5 Bd6 14. Qb5
Qxb5 15. Nxb5 a6 16. Nd4 Rfe8 17. Rfe1 Re7 18. Bg5 Rae8 19. c4 h6 20. Bd2 Bc5
21. Nb3 Nd7 22. Rad1 b6 23. Nxc5 Nxc5 24. Bb4 Kf7 25. Bxc5 bxc5 26. Re5 1-0

[Event "V Festival Terre degli Elimi A"]
[Site "Erice ITA"]
[Date "2014.07.21"]
[Round "4"]
[White "Guccione, Cristoforo"]
[Black "Peat, Matthew"]
[WhiteElo "1835"]
[BlackElo "2056"]
[Result "1-0"]
[PlyCount "53"]
[EventDate "2014.07.19"]

1. e4 c6 2. d4 d5 3. exd5 cxd5 4. c4 Nf6 5. Nc3 Nc6 6. Nf3 Bg4 7. Be2 e6 8. c5
Be7 9. O-O O-O 10. Bf4 Rc8 11. a3 a5 12. Nb5 Ne4 13. h3 Bxf3 14. Bxf3 f5 15.
Bxe4 fxe4 16. Qg4 Kh8 17. b4 axb4 18. axb4 Bf6 19. Nd6 Bxd4 20. Rad1 Ra8 21. b5
Bxc5 22. Nxb7 Qf6 23. Nxc5 Qxf4 24. Qxf4 Rxf4 25. bxc6 Rc8 26. c7 Rf6 27. Rb1
1-0